Jejak-jejak kaku yang membelenggu (Record no. 129841)

MARC details
000 -LEADER
fixed length control field 00808nam a2200277 i 4500
001 - CONTROL NUMBER
control field C2-0331076
003 - CONTROL NUMBER IDENTIFIER
control field PPAK
005 - DATE AND TIME OF LATEST TRANSACTION
control field 20180728131539.0
008 - FIXED-LENGTH DATA ELEMENTS--GENERAL INFORMATION
fixed length control field 150528s2015 my a|||| ||||| | may d
020 ## - INTERNATIONAL STANDARD BOOK NUMBER
International Standard Book Number 9789670313733
040 ## - CATALOGING SOURCE
Original cataloging agency PPAK
Language of cataloging eng
Transcribing agency PPAK
Description conventions rda
082 04 - DEWEY DECIMAL CLASSIFICATION NUMBER
Classification number 899.233
Edition number 23
090 00 - LOCALLY ASSIGNED LC-TYPE CALL NUMBER (OCLC); LOCAL CALL NUMBER (RLIN)
Classification number (OCLC) (R) ; Classification number, CALL (RLIN) (NR) 899.233
Feature heading MAN
Feature heading K
100 0# - MAIN ENTRY--PERSONAL NAME
Personal name Mansor Man,
Relator term author
245 10 - TITLE STATEMENT
Title Jejak-jejak kaku yang membelenggu
264 #1 - PRODUCTION, PUBLICATION, DISTRIBUTION, MANUFACTURE, AND COPYRIGHT NOTICE
Place of production, publication, distribution, manufacture Seremban, Negeri Sembilan :
Name of producer, publisher, distributor, manufacturer Goodwill Publications ,
Date of production, publication, distribution, manufacture, or copyright notice 2015
300 ## - PHYSICAL DESCRIPTION
Extent 188 pages :
Other physical details illustrations ;
Dimensions 19 cm
336 ## - CONTENT TYPE
Source rdacontent
Content type term text
337 ## - MEDIA TYPE
Source rdamedia
Media type term unmediated
338 ## - CARRIER TYPE
Source rdacarrier
Carrier type term volume
490 1# - SERIES STATEMENT
Series statement Siri biografi fiksyen
500 ## - GENERAL NOTE
General note Includes questions and exercises.
650 10 - SUBJECT ADDED ENTRY--TOPICAL TERM
Topical term or geographic name entry element Malay fiction.
830 #0 - SERIES ADDED ENTRY--UNIFORM TITLE
Uniform title Siri biografi fiksyen
942 ## - ADDED ENTRY ELEMENTS (KOHA)
-- dc
Koha item type Book
Holdings
Withdrawn Not for loan Current library Shelving location Date acquired Full call number Barcode Date last seen Koha item type Total Checkouts
    Bergerak 1, Alor Setar Pinjaman Kanak-kanak 09/06/2015 K 899.233 MAN A01460788 09/05/2018 Book  
    Bergerak 1, Alor Setar Pinjaman Kanak-kanak 09/06/2015 K 899.233 MAN A01460789 09/05/2018 Book  
    Bergerak 3, Baling Pinjaman Kanak-kanak 09/06/2015 K 899.233 MAN A01460790 09/05/2018 Book  
    Bergerak 5, Kulim Pinjaman Kanak-kanak 09/06/2015 K 899.233 MAN A01460792 09/05/2018 Book